Manažment výroby

Bibliographic Details
Main Author: Paška, Ľubomír, 1948- (Author)
Format: Book
Language:Slovak
PhysicalDescription:ix, 182 strán grafy, tabuľky 23 cm
Published: Nitra Slovenská poľnohospodárska univerzita 2004
ISBN:8080693749
Edition:3. nezm. vyd.
Subjects:

MARC

LEADER 00000cam a2200000 a 4500
001 vtls001478653
003 SK-MaSNL
005 20260302073611.0
008 240226s2004 xo dl ern p 000 0 slo
015 |a SNBA2006/01-00495 
020 |a 8080693749 
035 |a SNK000433953 
035 |a urn:nbn:sk:snk-am3j2wf 
035 |a 51129215-940B-4653-B9B5-E429A03C5037 
035 |a urn:nbn:sk:snk-am00gg0o 
040 |a SNK  |b slo  |c SNK  |e AACR2 
041 0 |a slo 
044 |a xo  |c SK 
072 7 |a 658  |x Riadenie a správa podniku  |2 konspekt 
080 |a 658.5  |2 2011 
080 |a (075.8)  |2 2011 
080 |a 631.15  |2 2011 
100 1 |a Paška, Ľubomír,  |d 1948-  |4 aut  |9 100874 
245 1 0 |a Manažment výroby  |c Ľubomír Paška 
250 |a 3. nezm. vyd. 
260 |a Nitra  |b Slovenská poľnohospodárska univerzita  |c 2004 
300 |a ix, 182 strán  |b grafy, tabuľky  |c 23 cm 
366 |e 900 kusov 
504 |a Bibliografia na strane 177-182 ; zoznam 
650 0 7 |a poľnohospodárska výroba  |2 SNKPH  |9 973 
650 0 7 |a manažment výroby  |2 SNKPH  |9 933 
655 7 |a učebnice vysokých škôl  |2 SNKPH  |9 70191 
919 |a 80-8069-374-9 
958 |a NB 
958 |a OND 
999 |c 1161537  |d 1163467 
952 |a SNK  |b SNK  |y PREZ  |7 0  |p 17A0437496  |o snkSC 116632  |i snkKSP 9454/2004  |0 0  |1 0  |4 0  |d 2004-07-16  |f 1  |l 0  |r 2025-10-16 00:00:00  |w 2026-02-24 
952 |a SNK  |b SNK  |y VYP  |7 0  |p 17A0437497  |o snkSC 116632 D1  |i snkKSP 9455/2004  |0 0  |1 0  |4 0  |d 2004-07-16  |l 0  |r 2005-01-02 00:00:00  |w 2026-02-24